<?xml version="1.0" encoding="UTF-8"?>
<collection xmlns="http://www.loc.gov/MARC21/slim">
    <record>
        <controlfield tag="001">61606</controlfield>
        <controlfield tag="005">20180518103754.0</controlfield>
        <datafield tag="024" ind1="7" ind2=" ">
            <subfield code="2">doi</subfield>
            <subfield code="a">10.5944/ap.13.1.16722</subfield>
        </datafield>
        <datafield tag="024" ind1="8" ind2=" ">
            <subfield code="2">sideral</subfield>
            <subfield code="a">95839</subfield>
        </datafield>
        <datafield tag="037" ind1=" " ind2=" ">
            <subfield code="a">ART-2016-95839</subfield>
        </datafield>
        <datafield tag="041" ind1=" " ind2=" ">
            <subfield code="a">spa</subfield>
        </datafield>
        <datafield tag="100" ind1=" " ind2=" ">
            <subfield code="a">Martínez Pradeda, Úrsula</subfield>
        </datafield>
        <datafield tag="245" ind1=" " ind2=" ">
            <subfield code="a">La recaída en fumadores que dejan de fumar con un tratamiento psicológico: ¿una cuestión de sexo?</subfield>
        </datafield>
        <datafield tag="260" ind1=" " ind2=" ">
            <subfield code="c">2016</subfield>
        </datafield>
        <datafield tag="506" ind1="0" ind2=" ">
            <subfield code="a">Access copy available to the general public</subfield>
            <subfield code="f">Unrestricted</subfield>
        </datafield>
        <datafield tag="520" ind1="3" ind2=" ">
            <subfield code="a">Aunque contamos con tratamientos eficaces para la dependencia del tabaco, la recaída continúa siendo un fenómeno frecuente en aquellos que consiguen dejar de fumar. El objetivo del presente estudio fue analizar si existían diferencias en función del sexo en la curva de recaída en hombres y mujeres que participaron en un tratamiento psicológico cognitivo-conductual para dejar de fumar. La muestra estuvo formada por 266 personas (59.8 % mujeres) que dejaron de fumar al finalizar el tratamiento. Los resultados indicaron que a medida que se incrementaba el tiempo transcurrido tras la intervención, disminuía el porcentaje de participantes abstinentes. No obstante, no se encuentraron diferencias significativas entre hombres y mujeres en la curva de recaída, lo cual podría explicarse por la inclusión en el tratamiento de técnicas psicológicas eficaces para el afrontamiento de algunas de las principales causas de la recaída (e.g., estado de ánimo negativo). Dada la importancia que tiene la recaída en el proceso de dejar de fumar, es necesario profundizar en los distintos determinantes que la desencadenan.

 Although we have effective treatments for tobacco dependence, relapse is a frequent phenomenon in those who quit. The aim of this study was to analyze whether there were differences by gender in the relapse curve in men and women who participated in a cognitive-behavioral smoking cessation treatment. The sample was composed of 266 individuals (59.8 % women) who were abstinent at the end of treatment. The results indicate that as time after the intervention increases, the percentage of abstinent participants decreases. However, no significant differences between men and women in the relapse curve were found, which could be explained by the inclusion of effective psychological tools to cope with some of the main causes of relapse (e.g., negative affect) in the treatment. Given the importance of relapse in the smoking cessation process, it is necessary to deepen in its triggers.</subfield>
        </datafield>
        <datafield tag="536" ind1=" " ind2=" ">
            <subfield code="9">info:eu-repo/grantAgreement/ES/MINECO/PSI2012-31196</subfield>
        </datafield>
        <datafield tag="540" ind1=" " ind2=" ">
            <subfield code="9">info:eu-repo/semantics/openAccess</subfield>
            <subfield code="a">by-nc</subfield>
            <subfield code="u">http://creativecommons.org/licenses/by-nc/3.0/es/</subfield>
        </datafield>
        <datafield tag="655" ind1=" " ind2="4">
            <subfield code="a">info:eu-repo/semantics/article</subfield>
            <subfield code="v">info:eu-repo/semantics/publishedVersion</subfield>
        </datafield>
        <datafield tag="700" ind1=" " ind2=" ">
            <subfield code="0">(orcid)0000-0002-9645-8109</subfield>
            <subfield code="a">Fernández del Río, Elena</subfield>
            <subfield code="u">Universidad de Zaragoza</subfield>
        </datafield>
        <datafield tag="700" ind1=" " ind2=" ">
            <subfield code="a">López-Durán, Ana</subfield>
        </datafield>
        <datafield tag="700" ind1=" " ind2=" ">
            <subfield code="a">Rodríguez-Cano, Rubén</subfield>
        </datafield>
        <datafield tag="700" ind1=" " ind2=" ">
            <subfield code="a">Martínez-Vispo, Carmela</subfield>
        </datafield>
        <datafield tag="700" ind1=" " ind2=" ">
            <subfield code="a">Becoña Iglesias, Elisardo</subfield>
        </datafield>
        <datafield tag="710" ind1="2" ind2=" ">
            <subfield code="1">4009</subfield>
            <subfield code="2">740</subfield>
            <subfield code="a">Universidad de Zaragoza</subfield>
            <subfield code="b">Departamento de Psicología y Sociología</subfield>
            <subfield code="c">Psicología Social</subfield>
        </datafield>
        <datafield tag="773" ind1=" " ind2=" ">
            <subfield code="g">13, 1 (2016), 7-20</subfield>
            <subfield code="p">Acción psicol.</subfield>
            <subfield code="t">Acción psicológica</subfield>
            <subfield code="x">1578-908X</subfield>
        </datafield>
        <datafield tag="856" ind1="4" ind2=" ">
            <subfield code="s">842145</subfield>
            <subfield code="u">http://zaguan.unizar.es/record/61606/files/texto_completo.pdf</subfield>
            <subfield code="y">Versión publicada</subfield>
        </datafield>
        <datafield tag="856" ind1="4" ind2=" ">
            <subfield code="s">78047</subfield>
            <subfield code="u">http://zaguan.unizar.es/record/61606/files/texto_completo.jpg?subformat=icon</subfield>
            <subfield code="x">icon</subfield>
            <subfield code="y">Versión publicada</subfield>
        </datafield>
        <datafield tag="909" ind1="C" ind2="O">
            <subfield code="o">oai:zaguan.unizar.es:61606</subfield>
            <subfield code="p">articulos</subfield>
            <subfield code="p">driver</subfield>
        </datafield>
        <datafield tag="951" ind1=" " ind2=" ">
            <subfield code="a">2018-05-18-10:36:34</subfield>
        </datafield>
        <datafield tag="980" ind1=" " ind2=" ">
            <subfield code="a">ARTICLE</subfield>
        </datafield>
    </record>

    
</collection>